[Event "Rome Elo op 1st"]
[Site "Rome"]
[Date "2008.10.15"]
[Round "1"]
[White "Riccioni, Luigi"]
[Black "Mecali, Antonello"]
[Result "0-1"]
[WhiteElo "1467"]
[BlackElo "1866"]
[PlyCount "106"]
[EventDate "2008.10.15"]
[EventType "swiss"]
[EventRounds "7"]
[EventCountry "ITA"]
[SourceTitle "EXT 2011"]
[Source "ChessBase"]
[SourceDate "2010.11.26"]
[SourceVersion "1"]
[SourceVersionDate "2010.11.26"]
[SourceQuality "1"]

1. e4 c5 2. Nf3 d6 3. Nc3 Nc6 4. Bb5 Bd7 5. 0-0 a6 6. Be2 Nf6 7. d3 g6 8. h3 Bg7 9. Be3 0-0 10. Qd2 b5 11. Bh6 Nd4 12. Bxg7 Kxg7 13. Rfe1 e5 14. Nd1 Nh5 15. Nxd4 cxd4 16. Bxh5 gxh5 17. f4 Qh4 18. f5 Rg8 19. Qf2 Qg5 20. c3 dxc3 21. bxc3 Kh8 22. Ne3 Rg7 23. Rac1 Rag8 24. Rc2 h4 25. Kf1 Bc6 26. Ree2 Qd8 27. Qe1 Rg3 28. Qd2 Qg5 29. Ng4 h5 30. Nh2 Qg7 31. d4 Rxh3 32. Kg1 Rg3 33. Re3 Kh7 34. Rxg3 hxg3 35. Nf1 Bxe4 36. Rb2 Bxf5 37. dxe5 Qxe5 38. Rb4 d5 39. Rh4 Bg4 40. Qd3+ Kh6 41. Nxg3 Qg5 42. Rh2 Re8 43. Nf1 Be2 44. Qd2 Qxd2 45. Nxd2 Bc4 46. Nf3 Re2 47. a3 Rc2 48. Ne5 Rxc3 49. a4 bxa4 50. Nxf7+ Kg7 51. Ne5 a3 52. Nxc4 dxc4 53. Rxh5 a2 0-1